Thrushes and Thrashers of North America - Statistics

General Stats
  • This quiz has been taken 10 times
  • The average score is 16 of 26
Answer Stats
Picture Answer % Correct
American Robin
100%
Eastern Bluebird
100%
Gray Catbird
100%
Mountain Bluebird
100%
Western Bluebird
100%
Wood Thrush
100%
Bluethroat
86%
Hermit Thrush
86%
Northern Mockingbird
86%
Veery
86%
Brown Thrasher
71%
Townsend's Solitaire
71%
Varied Thrush
71%
Bicknell's Thrush
57%
Curve-Billed Thrasher
57%
Gray-Cheeked Thrush
57%
Northern Wheatear
57%
Sage Thrasher
57%
Swainson's Thrush
43%
California Thrasher
29%
Clay-Colored Robin
29%
Le Conte's Thrasher
29%
Bendire's Thrasher
14%
Crissal Thrasher
14%
Long-Billed Thrasher
14%
Rufous-Backed Robin
14%
No matching quizzes found
Score Distribution
Percent of People with Each Score
Percentile by Number Answered
Your Score History
You have not taken this quiz